000 00640nam a2200193 a 4500
008 120416s1981 ||||||||||||||||| || u
020 _a0070702977
050 _aTA 405 Wil
100 _aRolfe, S. T. (Stanley Theodore), 1934-
245 1 0 _aStrength of materials
260 _aNew York:
_bMcGraw-Hill
_c1981
300 _axviii, 508p.: ill
350 _a0.00
500 _aIncludes index.
650 0 _aSTRENGTH OF MATERIALS
700 _aWillems, Nicholas
700 _aEasley, John T
995 _D0.00
_FCBU-MAIN LIBRARY (Kitwe)
_H1
_I39.25
_UDAMAGED
_ZMain Library Open Access Collection
999 _c58615
_d58615